000 00374nam a2200145Ia 4500
008 191206s9999 xx 000 0 und d
020 _a140802363
090 _aPR2245.AP38
245 0 _acomplete English poems [of] John Donne
260 _aPenguin
260 _b"Penguin education, X236"
260 _cc1971
300 _a677 p. 19 cm.
999 _c15719
_d15719